| Поле | Инд. | ПП | Название | Значение |
|---|---|---|---|---|
| Тип записи | a | |||
| Библиографический уровень | m | |||
| 001 | Контрольный номер | 004935093 | ||
| 005 | Дата корректировки | 20150513113612.0 | ||
| 008 | Кодируемые данные | 110503s2010 a zzzz 000 1 rusdu | ||
| 020 | a | ISBN | 978-5-9718-0470-3 | |
| 040 | a | Служба первич. каталог. | НБ ТвГУ | |
| d | Организация, изменившая запись | RuMo | ||
| e | Правила каталог. | rcr | ||
| 041 | a | Код языка текста | rus | |
| 080 | a | Индекс УДК | 796.015 | |
| 084 | a | Индекс другой классификации/Индекс ББК | Ч55,0 | |
| 084 | a | Индекс другой классификации/Индекс ББК | Ч515 | |
| 084 | a | Индекс другой классификации/Индекс ББК | Ч509.1 | |
| 090 | a | Полочн. индекс | Ч55,0 | |
| x | Авторский знак | Г 59 | ||
| 100 | 1_ | a | Автор | Годик Марк Александрович |
| q | Полное имя | Годик М. А. | ||
| 245 | 00 | a | Заглавие | Комплексный контроль в спортивных играх |
| 260 | a | Место издания | Москва | |
| b | Издательство | Советский спорт | ||
| c | Дата издания | 2010 | ||
| 300 | a | Объем | 332, [1] с. | |
| b | Иллюстрации/ тип воспроизводства | ил., табл. | ||
| c | Размеры | 22 см | ||
| 504 | a | Библиография | Библиогр.: с. 320-331 | |
| 520 | a | Аннотация | В книге, написанной известными специалистами современной российской спортивной науки, сделана попытка обобщить и систематизировать материалы, касающиеся содержания и организации комплексного контроля в спортивных играх. Данные такого контроля используют для планирования тренировочного процесса, позволяют глубже познать игру, установить факторы, влияющие на ее результаты, и воздействовать на них в тренировочных занятиях. Знание опыта такой работы в каждой спортивной игре полезно для тренеров. | |
| А | вторы анализируют направления развития комплексного контроля в спортивных играх. Основным они считают использование параметров соревновательной и тренировочной деятельности для оценки состояния игроков и его прогнозирования. Представляется, что такой подход даст новый импульс как в развитии теории спортивных игр, так и в теории комплексного контроля в спорте. | |||
| К | нига будет полезна специалистам спортивных игр, а также преподавателям и студентам вузов спортивного профиля. | |||
| 653 | a | Ключевые слова | Врачебный контроль | |
| a | Ключевые слова | Измерения | ||
| a | Ключевые слова | Комплексный контроль | ||
| a | Ключевые слова | Контроль в спортивных играх | ||
| a | Ключевые слова | Контроль нагрузки спортсмена | ||
| a | Ключевые слова | Методы контроля | ||
| a | Ключевые слова | Подготовка спортсменов | ||
| a | Ключевые слова | Соревновательная деятельность | ||
| a | Ключевые слова | Спортивная тренировка | ||
| a | Ключевые слова | Спортивные игры | ||
| a | Ключевые слова | Тесты | ||
| a | Ключевые слова | Тренировочная деятельность | ||
| a | Ключевые слова | Управление тренировочным процессом | ||
| a | Ключевые слова | Физическая культура и спорт | ||
| 700 | 1_ | a | Другие авторы | Скородумова Анна Петровна |
| q | Полное имя | Скородумова, А. П. | ||
| 856 | u | URL | http://texts.lib.tversu.ru/texts/993731ogl.pdf | |
| 901 | t | Тип документа | m | |
| 920 | a | Оператор | Стру | |
| 940 | a | физической культуры | ||
| d | спортивные игры | |||
| 952 | c | Вид литературы | К рн | |
| 954 | a | Дата поступления на обработку | 20120801 | |
| 990 | a | Автор заказа (DOS) | спортивных дисциплин | |
| b | Заказано (DOS) | 10 |